Calderón y la obra corta dramática del siglo XVII / (Record no. 131332)

MARC details
000 -LEADER
campo de control de longitud fija 00666nam a2200205 4500
001 - NÚMERO DE CONTROL
campo de control 131332
003 - IDENTIFICADOR DE NÚMERO DE CONTROL
campo de control ES-MaACL
007 - CAMPO FIJO DE DESCRIPCIÓN FÍSICA--INFORMACIÓN GENERAL
campo de control de longitud fija t|
008 - DATOS DE LONGITUD FIJA--INFORMACIÓN GENERAL
campo de control de longitud fija 070214s1983 xxk r ||||1| spa d
020 ## - NÚMERO INTERNACIONAL ESTÁNDAR DEL LIBRO
Número Internacional Estándar del Libro 0729301591
100 1# - ENTRADA PRINCIPAL--NOMBRE DE PERSONA
Nombre de persona Rodríguez, Evangelina.
9 (RLIN) 98237
245 10 - MENCIÓN DEL TÍTULO
Título Calderón y la obra corta dramática del siglo XVII /
Mención de responsabilidad, etc. Evangelina Rodríguez, Antonio Tordera.
260 ## - PUBLICACIÓN, DISTRIBUCIÓN, ETC.
Lugar de publicación, distribución, etc. London :
Nombre del editor, distribuidor, etc. Tamesis Books,
Fecha de publicación, distribución, etc. 1983.
300 ## - DESCRIPCIÓN FÍSICA
Extensión 228 p. ;
Dimensiones 24 cm.
490 1# - MENCIÓN DE SERIE
Mención de serie Támesis. Serie A monografías ;
Designación de volumen o secuencia 91
700 1# - ENTRADA AGREGADA--NOMBRE PERSONAL
Nombre de persona Tordera, Antonio.
9 (RLIN) 110626
830 0# - PUNTO DE ACCESO ADICIONAL DE SERIE-TÍTULO UNIFORME
Título uniforme Támesis. Serie A monografías ;
Designación de volumen o secuencia 91
9 (RLIN) 184317
852 ## - LOCALIZACIÓN
Ubicación ES-MaACL
Número de control de estantería L-8320
Sublocalización o colección R.108617
Holdings
Estatus retirado Estado de pérdida Estado de daño No para préstamo Biblioteca de origen Biblioteca actual Ubicación en estantería Fecha de adquisición Fuente de adquisición Total de préstamos Signatura topográfica completa Código de barras Visto por última vez Precio de reemplazo Tipo de ítem Koha
        Biblioteca del Ateneo de Madrid Biblioteca del Ateneo de Madrid Depósito 2 17/01/2008     L-8320 1136727 23/02/2023 23/02/2023 Libro impreso